[Event "MPJ_D16"]
[Site "?"]
[Date "2016.03.18"]
[Round "7.1"]
[White "Kaczmarska, Joanna"]
[Black "Frej, Zofia"]
[Result "1/2-1/2"]
[BlackElo "1792"]
[WhiteElo "2013"]
[LiveChessVersion "1.4.8"]

1. d4 {[%clk 1:30:58]} d5 {[%clk 1:30:54]} 2. Nf3 {[%clk 1:30:01]} c5
{[%clk 1:31:12]} 3. c4 {[%clk 1:29:15]} dxc4 {[%clk 1:31:34]} 4. e3
{[%clk 1:27:15]} e6 {[%clk 1:26:08]} 5. Bxc4 {[%clk 1:26:11]} Nf6
{[%clk 1:24:49]} 6. Nc3 {[%clk 1:26:24]} Nc6 {[%clk 1:24:38]} 7. O-O
{[%clk 1:20:14]} a6 {[%clk 1:17:49]} 8. a4 {[%clk 1:17:34]} Be7 {[%clk 1:07:24]}
9. b3 {[%clk 1:15:34]} O-O {[%clk 1:04:28]} 10. Bb2 {[%clk 1:08:48]} Qc7
{[%clk 0:59:35]} 11. Qe2 {[%clk 1:04:10]} b6 {[%clk 0:57:13]} 12. h3
{[%clk 0:55:53]} Bb7 {[%clk 0:53:25]} 13. Rfd1 {[%clk 0:49:45]} Rfd8
{[%clk 0:50:37]} 14. Rac1 {[%clk 0:40:10]} Na5 {[%clk 0:47:55]} 15. Ne5
{[%clk 0:38:19]} Nxc4 {[%clk 0:47:13]} 16. bxc4 {[%clk 0:37:32]} Bd6
{[%clk 0:44:46]} 17. f4 {[%clk 0:36:32]} Ne4 {[%clk 0:42:49]} 18. Rc2
{[%clk 0:18:30]} f6 {[%clk 0:37:05]} 19. Nf3 {[%clk 0:16:38]} Qf7
{[%clk 0:29:06]} 20. Nxe4 {[%clk 0:14:18]} Bxe4 {[%clk 0:29:29]} 21. Rcd2
{[%clk 0:14:37]} Bxf3 {[%clk 0:25:52]} 22. Qxf3 {[%clk 0:15:02]} cxd4
{[%clk 0:21:30]} 23. Rxd4 {[%clk 0:14:15]} Bc7 {[%clk 0:21:29]} 24. Rxd8+
{[%clk 0:11:21]} Rxd8 {[%clk 0:21:49]} 25. Rxd8+ {[%clk 0:11:31]} Bxd8
{[%clk 0:22:14]} 26. Qa8 {[%clk 0:11:38]} Qc7 {[%clk 0:18:08]} 27. Qxa6
{[%clk 0:10:53]} Kf7 {[%clk 0:17:34]} 28. Qb5 {[%clk 0:10:32]} g6
{[%clk 0:17:13]} 29. Bd4 {[%clk 0:10:15]} Qd6 {[%clk 0:15:51]} 30. Kh1
{[%clk 0:04:17]} Bc7 {[%clk 0:15:06]} 31. c5 {[%clk 0:02:57]} bxc5
{[%clk 0:13:23]} 32. Bxc5 {[%clk 0:02:40]} Qd1+ {[%clk 0:13:31]} 33. Kh2
{[%clk 0:03:06]} Qd5 {[%clk 0:12:24]} 34. Bd4 {[%clk 0:02:02]} Bxf4+
{[%clk 0:07:27]} 35. Kg1 {[%clk 0:01:41]} Qxb5 {[%clk 0:07:33]} 36. axb5
{[%clk 0:02:06]} Bb8 {[%clk 0:07:58]} 37. e4 {[%clk 0:01:43]} e5 {[%clk 0:07:54]}
38. Bc5 {[%clk 0:00:53]} Ke6 {[%clk 0:05:55]} 39. Kf2 {[%clk 0:01:05]} Bd6
{[%clk 0:02:23]} 40. Bb6 {[%clk 0:31:20]} Bb8 {[%clk 0:31:01]} 41. Ke3
{[%clk 0:27:47]} f5 {[%clk 0:29:54]} 42. Kd3 {[%clk 0:20:55]} Kd6
{[%clk 0:25:54]} 43. Kc4 {[%clk 0:15:36]} fxe4 {[%clk 0:15:52]} 44. Bc5+
{[%clk 0:07:14]} Ke6 {[%clk 0:14:12]} 45. g4 {[%clk 0:04:38]} h5 {[%clk 0:13:16]}
46. b6 hxg4 {[%clk 0:08:51]} 47. hxg4 {[%clk 0:03:47]} e3 {[%clk 0:06:42]} 48.
Bxe3 {[%clk 0:04:02]} Kd6 {[%clk 0:07:03]} 49. Bc5+ {[%clk 0:01:30]} Kc6
{[%clk 0:07:26]} 50. Bf8 {[%clk 0:01:20]} Kxb6 {[%clk 0:06:07]} 51. Kd5
{[%clk 0:01:30]} e4 {[%clk 0:06:27]} 52. Bc5+ {[%clk 0:01:24]} Kb5
{[%clk 0:05:01]} 53. Be3 {[%clk 0:01:07]} Bc7 {[%clk 0:05:11]} 54. Kxe4
{[%clk 0:01:08]} Kc6 {[%clk 0:05:30]} 55. Bf4 {[%clk 0:00:51]} Bd8
{[%clk 0:05:47]} 56. Ke5 {[%clk 0:00:37]} Bc7+ {[%clk 0:06:07]} 57. Ke4
{[%clk 0:00:58]} Bd8 {[%clk 0:06:32]} 58. Be5 {[%clk 0:00:41]} Kd7 59. Bf4 Ke6
1/2-1/2

[Event "MPJ_D16"]
[Site "?"]
[Date "2016.03.18"]
[Round "7.2"]
[White "Trusz, Julia"]
[Black "Cieslak, Wiktoria"]
[Result "1/2-1/2"]
[BlackElo "1904"]
[WhiteElo "1653"]
[LiveChessVersion "1.4.8"]

1. e4 {[%clk 1:30:58]} c5 {[%clk 1:30:52]} 2. Nf3 {[%clk 1:31:21]} d6
{[%clk 1:31:17]} 3. d4 {[%clk 1:31:44]} cxd4 {[%clk 1:31:39]} 4. Qxd4
{[%clk 1:32:07]} a6 {[%clk 1:31:51]} 5. h3 {[%clk 1:31:43]} Nf6 {[%clk 1:31:25]}
6. e5 {[%clk 1:30:09]} Nc6 {[%clk 1:31:16]} 7. Qa4 {[%clk 1:30:16]} dxe5
{[%clk 1:28:15]} 8. Nxe5 {[%clk 1:29:08]} Qd5 {[%clk 1:28:03]} 9. Nxc6
{[%clk 1:28:25]} Bd7 {[%clk 1:27:07]} 10. Qc4 {[%clk 1:22:43]} Bxc6
{[%clk 1:26:31]} 11. Qxd5 {[%clk 1:21:47]} Nxd5 {[%clk 1:26:43]} 12. c3
{[%clk 1:20:24]} e5 {[%clk 1:21:52]} 13. Nd2 {[%clk 1:19:40]} Rd8
{[%clk 1:20:43]} 14. Nc4 {[%clk 1:18:07]} f6 {[%clk 1:19:35]} 15. Na5
{[%clk 1:15:19]} Kd7 {[%clk 1:19:20]} 16. Be2 {[%clk 1:12:49]} Bc5
{[%clk 1:17:58]} 17. O-O {[%clk 1:11:36]} Rhe8 {[%clk 1:15:57]} 18. a3
{[%clk 1:06:54]} Bb6 {[%clk 1:10:31]} 19. Nxc6 {[%clk 1:05:59]} Kxc6
{[%clk 1:10:54]} 20. c4 {[%clk 1:05:39]} Nc7 {[%clk 1:09:08]} 21. b4
{[%clk 1:01:35]} Bd4 {[%clk 1:08:24]} 22. Rb1 {[%clk 1:01:58]} Ne6
{[%clk 1:06:34]} 23. Bf3+ {[%clk 0:52:25]} Kc7 {[%clk 1:05:03]} 24. Bd5
{[%clk 0:46:07]} b5 {[%clk 1:04:11]} 25. Be3 {[%clk 0:38:37]} bxc4
{[%clk 1:03:55]} 26. Bxc4 {[%clk 0:38:51]} Kb6 {[%clk 1:03:49]} 27. Rfd1
{[%clk 0:35:11]} Nc7 {[%clk 1:01:25]} 28. a4 {[%clk 0:33:27]} Re7
{[%clk 0:55:03]} 29. Rd2 {[%clk 0:24:12]} Red7 {[%clk 0:53:15]} 30. Rbd1
{[%clk 0:23:17]} a5 {[%clk 0:50:44]} 31. bxa5+ {[%clk 0:18:15]} Kxa5
{[%clk 0:51:01]} 32. Bb3 {[%clk 0:18:33]} Na6 {[%clk 0:49:28]} 33. Bc4
{[%clk 0:15:59]} Nc5 {[%clk 0:43:49]} 34. Bb5 {[%clk 0:14:37]} Rd6
{[%clk 0:43:05]} 35. Bxd4 {[%clk 0:10:34]} Rxd4 {[%clk 0:42:54]} 36. Rxd4
{[%clk 0:10:32]} exd4 {[%clk 0:41:48]} 37. Kf1 {[%clk 0:09:49]} Nxa4
{[%clk 0:40:57]} 38. Bxa4 {[%clk 0:09:52]} Kxa4 {[%clk 0:41:23]} 39. Ke2
{[%clk 0:09:50]} Kb5 {[%clk 0:39:02]} 40. Kd3 {[%clk 0:39:01]} Ra8
{[%clk 1:07:12]} 41. Rc1 {[%clk 0:36:31]} Ra2 {[%clk 1:07:14]} 42. Kxd4
{[%clk 0:35:28]} Rxf2 {[%clk 1:07:26]} 43. Rg1 {[%clk 0:35:13]} Kc6
{[%clk 1:07:28]} 44. Ke3 {[%clk 0:34:38]} Ra2 {[%clk 1:07:17]} 45. Kf3
{[%clk 0:34:42]} Kd6 {[%clk 1:07:12]} 46. Re1 {[%clk 0:33:37]} Ra5
{[%clk 1:06:12]} 47. Kf4 {[%clk 0:28:46]} Re5 {[%clk 1:05:59]} 48. Ra1
{[%clk 0:28:58]} g5+ {[%clk 1:05:23]} 49. Kf3 {[%clk 0:28:36]} h5
{[%clk 1:05:00]} 50. Ra6+ {[%clk 0:26:59]} Ke7 {[%clk 1:05:22]} 51. Ra7+
{[%clk 0:26:23]} Ke6 {[%clk 1:05:44]} 52. Ra6+ {[%clk 0:25:22]} Kf5
{[%clk 1:05:30]} 53. g4+ {[%clk 0:25:33]} hxg4+ {[%clk 1:05:46]} 54. hxg4+
{[%clk 0:25:59]} Kg6 {[%clk 1:06:09]} 55. Rb6 {[%clk 0:25:38]} 1/2-1/2

[Event "MPJ_D16"]
[Site "?"]
[Date "2016.03.18"]
[Round "7.3"]
[White "Trybowska, Barbara"]
[Black "Krzywnicka, Maria"]
[Result "0-1"]
[BlackElo "1646"]
[WhiteElo "1536"]
[LiveChessVersion "1.4.8"]

1. e4 {[%clk 1:30:59]} c5 {[%clk 1:30:54]} 2. Nf3 {[%clk 1:31:23]} d6
{[%clk 1:31:15]} 3. d4 {[%clk 1:31:46]} cxd4 {[%clk 1:31:27]} 4. Nxd4
{[%clk 1:32:10]} Nf6 {[%clk 1:31:49]} 5. Nc3 {[%clk 1:32:30]} a6 {[%clk 1:32:08]}
6. Be2 {[%clk 1:32:34]} e5 {[%clk 1:32:07]} 7. Nb3 {[%clk 1:32:50]} Be7
{[%clk 1:31:53]} 8. O-O {[%clk 1:32:13]} Be6 {[%clk 1:30:34]} 9. f4
{[%clk 1:28:32]} O-O {[%clk 1:19:28]} 10. f5 {[%clk 1:21:43]} Bd7
{[%clk 1:19:41]} 11. Be3 {[%clk 1:17:14]} Bc6 {[%clk 1:18:50]} 12. Bf3
{[%clk 1:17:12]} b5 {[%clk 1:15:40]} 13. a3 {[%clk 1:03:20]} Nbd7
{[%clk 1:10:18]} 14. Qe2 {[%clk 0:55:42]} Qc7 {[%clk 1:09:20]} 15. g4
{[%clk 0:51:36]} d5 {[%clk 0:54:00]} 16. exd5 {[%clk 0:48:17]} e4
{[%clk 0:53:16]} 17. Bxe4 {[%clk 0:45:57]} Nxe4 {[%clk 0:52:57]} 18. Nxe4
{[%clk 0:45:50]} Bxd5 {[%clk 0:52:45]} 19. Bf4 {[%clk 0:37:28]} Qb7
{[%clk 0:47:41]} 20. Nc3 {[%clk 0:33:17]} Bxb3 {[%clk 0:41:19]} 21. Qxe7
{[%clk 0:27:25]} Rfe8 {[%clk 0:38:36]} 22. Qh4 {[%clk 0:24:58]} Bxc2
{[%clk 0:37:11]} 23. Bg3 {[%clk 0:21:20]} b4 {[%clk 0:28:20]} 24. Nd1
{[%clk 0:18:55]} Re2 {[%clk 0:22:56]} 25. Nf2 {[%clk 0:17:32]} Rae8
{[%clk 0:15:32]} 26. Qg5 {[%clk 0:14:13]} Nf6 {[%clk 0:12:33]} 27. Qh4
{[%clk 0:11:31]} Ne4 {[%clk 0:10:13]} 28. Qh3 {[%clk 0:09:44]} Nd2
{[%clk 0:09:41]} 29. Nd1 {[%clk 0:07:20]} Nf3+ {[%clk 0:07:53]} 30. Rxf3
{[%clk 0:07:33]} Qxf3 {[%clk 0:08:17]} 31. Qf1 {[%clk 0:07:18]} Qxf1+ 32. Kxf1
{[%clk 0:07:42]} Bd3 {[%clk 0:07:47]} 33. Kg1 {[%clk 0:07:57]} Bc2
{[%clk 0:06:22]} 34. axb4 {[%clk 0:08:09]} Re1+ {[%clk 0:04:55]} 35. Bxe1
{[%clk 0:08:31]} Rxe1+ {[%clk 0:05:19]} 36. Kf2 {[%clk 0:08:56]} Rxd1
{[%clk 0:05:43]} 37. Rxa6 {[%clk 0:09:21]} Rd8 {[%clk 0:05:57]} 38. Rc6
{[%clk 0:09:27]} Be4 {[%clk 0:05:47]} 39. Rc7 {[%clk 0:09:24]} Kf8
{[%clk 0:05:52]} 40. Ke3 {[%clk 0:39:42]} Bh1 {[%clk 0:35:45]} 41. h4
{[%clk 0:39:28]} Rb8 {[%clk 0:36:00]} 42. Rc4 {[%clk 0:39:51]} f6
{[%clk 0:32:06]} 43. Kd4 {[%clk 0:38:36]} Bg2 {[%clk 0:29:05]} 44. Kc3
{[%clk 0:36:19]} Bh3 {[%clk 0:28:17]} 45. Re4 {[%clk 0:35:44]} Kf7
{[%clk 0:28:06]} 46. Kd3 {[%clk 0:34:51]} h5 {[%clk 0:26:03]} 47. Kc4
{[%clk 0:34:38]} hxg4 {[%clk 0:21:42]} 48. Re1 {[%clk 0:34:27]} Bg2
{[%clk 0:20:25]} 49. Rg1 {[%clk 0:34:31]} Bf3 {[%clk 0:20:47]} 50. b5
{[%clk 0:34:54]} Rh8 {[%clk 0:20:47]} 51. b6 {[%clk 0:35:15]} Rxh4
{[%clk 0:20:09]} 52. Ra1 {[%clk 0:35:35]} g3+ {[%clk 0:19:07]} 53. Kc5
{[%clk 0:35:52]} g2 {[%clk 0:18:47]} 54. Ra7+ {[%clk 0:36:19]} Kf8
{[%clk 0:18:35]} 0-1

[Event "MPJ_D16"]
[Site "?"]
[Date "2016.03.18"]
[Round "7.4"]
[White "Buchta, Agnieszka"]
[Black "Daliga, Anita"]
[Result "0-1"]
[BlackElo "1632"]
[WhiteElo "1807"]
[LiveChessVersion "1.4.8"]

1. e4 {[%clk 1:30:57]} c6 {[%clk 1:30:52]} 2. c4 {[%clk 1:31:20]} d5
{[%clk 1:29:55]} 3. cxd5 {[%clk 1:31:43]} cxd5 {[%clk 1:30:06]} 4. exd5
{[%clk 1:32:04]} Qxd5 {[%clk 1:29:53]} 5. Nc3 {[%clk 1:31:42]} Qd8
{[%clk 1:25:36]} 6. d4 {[%clk 1:31:20]} Nf6 {[%clk 1:24:20]} 7. Bc4
{[%clk 1:30:10]} e6 {[%clk 1:20:56]} 8. Nf3 {[%clk 1:29:03]} Nc6 {[%clk 1:19:39]}
9. O-O {[%clk 1:28:15]} Be7 {[%clk 1:17:53]} 10. Bg5 {[%clk 1:25:04]} O-O
{[%clk 1:15:41]} 11. Qd2 {[%clk 1:22:50]} a6 {[%clk 1:13:22]} 12. a4
{[%clk 1:18:49]} b6 {[%clk 1:08:42]} 13. Rad1 {[%clk 1:12:20]} Na5
{[%clk 1:00:33]} 14. Ba2 {[%clk 1:07:55]} Bb7 {[%clk 0:58:39]} 15. Qe2
{[%clk 1:06:11]} Nd5 {[%clk 0:50:50]} 16. Nxd5 {[%clk 0:40:50]} Bxg5
{[%clk 0:49:29]} 17. Nxg5 {[%clk 0:39:00]} Bxd5 {[%clk 0:46:05]} 18. Qh5
{[%clk 0:26:13]} h6 {[%clk 0:42:13]} 19. Bb1 {[%clk 0:25:02]} Qxg5
{[%clk 0:41:01]} 20. Qh3 {[%clk 0:23:50]} Rac8 {[%clk 0:37:33]} 21. f4
{[%clk 0:23:04]} Qf6 {[%clk 0:33:04]} 22. g4 {[%clk 0:21:24]} g5 {[%clk 0:27:58]}
23. fxg5 {[%clk 0:18:50]} Qxg5 {[%clk 0:28:02]} 24. Rf2 {[%clk 0:17:32]} f5
{[%clk 0:23:56]} 25. Rd3 {[%clk 0:11:37]} Rc1+ {[%clk 0:23:32]} 26. Rf1
{[%clk 0:09:18]} Rxf1+ {[%clk 0:23:40]} 27. Qxf1 {[%clk 0:09:03]} Bc4
{[%clk 0:22:07]} 28. Qe1 {[%clk 0:08:57]} Bxd3 {[%clk 0:21:47]} 29. Qxe6+
{[%clk 0:08:34]} Kg7 {[%clk 0:21:36]} 0-1

[Event "MPJ_D16"]
[Site "?"]
[Date "2016.03.18"]
[Round "7.5"]
[White "Wojcik, Jagoda"]
[Black "Kalinowska, Karolina"]
[Result "1/2-1/2"]
[BlackElo "1571"]
[WhiteElo "1510"]
[LiveChessVersion "1.4.8"]

1. e4 e6 2. d4 d5 3. Nd2 dxe4 4. Nxe4 Nd7 5. Nf3 {[%clk 1:32:16]} Ngf6
{[%clk 1:32:22]} 6. Nxf6+ {[%clk 1:32:41]} Nxf6 {[%clk 1:32:42]} 7. Bc4
{[%clk 1:32:24]} c5 {[%clk 1:30:12]} 8. dxc5 {[%clk 1:30:32]} Qa5+
{[%clk 1:28:15]} 9. Bd2 {[%clk 1:29:00]} Qxc5 {[%clk 1:28:35]} 10. Qe2
{[%clk 1:29:08]} Be7 {[%clk 1:26:58]} 11. O-O {[%clk 1:25:39]} O-O
{[%clk 1:24:57]} 12. Be3 {[%clk 1:09:11]} Qc7 {[%clk 1:24:25]} 13. Rac1
{[%clk 1:09:30]} b6 {[%clk 1:22:14]} 14. Ba6 {[%clk 1:06:41]} Bb7
{[%clk 1:21:51]} 15. Bxb7 {[%clk 1:06:54]} Qxb7 {[%clk 1:22:20]} 16. h3
{[%clk 1:07:00]} Rac8 {[%clk 1:21:36]} 17. c4 {[%clk 1:04:57]} Bc5
{[%clk 1:19:32]} 18. Bxc5 {[%clk 1:03:24]} Rxc5 {[%clk 1:19:53]} 19. b4
{[%clk 1:03:10]} Rc7 {[%clk 1:19:39]} 20. Rc2 {[%clk 1:02:55]} Rfc8
{[%clk 1:18:10]} 21. Rfc1 {[%clk 1:03:16]} h6 {[%clk 1:13:23]} 22. Nd2
{[%clk 0:54:02]} Qa8 {[%clk 1:00:25]} 23. Qe5 {[%clk 0:50:17]} Nd5
{[%clk 0:54:51]} 24. a3 {[%clk 0:48:51]} a5 {[%clk 0:51:16]} 25. Qe4
{[%clk 0:41:23]} Nf6 {[%clk 0:49:52]} 26. Qxa8 {[%clk 0:38:51]} Rxa8
{[%clk 0:50:13]} 27. c5 {[%clk 0:37:03]} axb4 {[%clk 0:41:09]} 28. axb4
{[%clk 0:37:28]} Nd5 {[%clk 0:40:19]} 29. cxb6 {[%clk 0:22:47]} Rxc2
{[%clk 0:39:10]} 30. Rxc2 {[%clk 0:23:10]} Nxb6 {[%clk 0:39:24]} 31. Kf1
{[%clk 0:19:00]} Nd5 {[%clk 0:38:36]} 32. b5 {[%clk 0:15:30]} Rb8
{[%clk 0:37:42]} 33. Rb2 {[%clk 0:15:41]} Nc3 {[%clk 0:36:35]} 34. Rb3
{[%clk 0:11:21]} Nxb5 {[%clk 0:35:54]} 35. Ne4 {[%clk 0:10:49]} Rb7
{[%clk 0:35:04]} 36. Nc5 {[%clk 0:11:07]} Rb8 {[%clk 0:33:58]} 37. Ke1
{[%clk 0:10:55]} g6 {[%clk 0:33:27]} 38. Ne4 {[%clk 0:10:14]} Rb7
{[%clk 0:33:41]} 39. Nc5 {[%clk 0:10:38]} Rb8 {[%clk 0:32:59]} 40. Ne4
{[%clk 0:40:58]} Rb7 {[%clk 1:03:27]} 41. Nc5 {[%clk 0:41:24]} Rb8
{[%clk 1:03:45]} 42. Ne4 {[%clk 0:41:47]} Rb7 1/2-1/2

[Event "MPJ_D16"]
[Site "?"]
[Date "2016.03.18"]
[Round "7.6"]
[White "Dwilewicz, Agata"]
[Black "Kindler, Karolina"]
[Result "1/2-1/2"]
[BlackElo "1597"]
[WhiteElo "1813"]
[LiveChessVersion "1.4.8"]

1. e4 {[%clk 1:30:58]} c5 {[%clk 1:30:54]} 2. Nf3 {[%clk 1:31:22]} e6
{[%clk 1:31:19]} 3. d4 {[%clk 1:31:44]} cxd4 {[%clk 1:31:45]} 4. Nxd4
{[%clk 1:32:05]} Nf6 {[%clk 1:32:10]} 5. Nc3 {[%clk 1:32:06]} d6 {[%clk 1:32:15]}
6. Be3 {[%clk 1:30:51]} a6 {[%clk 1:32:38]} 7. Bd3 {[%clk 1:28:40]} Be7
{[%clk 1:32:37]} 8. O-O {[%clk 1:27:11]} O-O {[%clk 1:32:53]} 9. Kh1
{[%clk 1:27:34]} b5 {[%clk 1:32:56]} 10. a3 {[%clk 1:27:39]} Bb7 {[%clk 1:33:19]}
11. f4 {[%clk 1:27:26]} Qc7 {[%clk 1:32:57]} 12. Qe2 {[%clk 1:20:44]} Nbd7
{[%clk 1:31:43]} 13. Rae1 {[%clk 1:14:15]} Nc5 {[%clk 1:27:13]} 14. Bg1
{[%clk 1:12:36]} Rac8 {[%clk 1:23:59]} 15. Rf3 {[%clk 1:06:59]} Nh5
{[%clk 1:09:57]} 16. Rff1 {[%clk 1:03:31]} Nf6 {[%clk 1:08:02]} 17. f5
{[%clk 1:00:08]} e5 {[%clk 1:07:55]} 18. Nf3 {[%clk 1:00:15]} Nfd7
{[%clk 0:58:34]} 19. Rd1 {[%clk 0:59:13]} Nb6 {[%clk 0:58:58]} 20. Nd2
{[%clk 0:49:10]} Nca4 {[%clk 0:54:06]} 21. Nxa4 {[%clk 0:49:14]} Nxa4
{[%clk 0:54:26]} 22. Rb1 {[%clk 0:48:32]} d5 {[%clk 0:51:42]} 23. exd5
{[%clk 0:45:01]} Bxd5 {[%clk 0:51:33]} 24. f6 {[%clk 0:41:58]} Bxf6
{[%clk 0:42:45]} 25. Rxf6 {[%clk 0:41:18]} gxf6 {[%clk 0:42:54]} 26. Qg4+
{[%clk 0:40:23]} Kh8 {[%clk 0:43:02]} 27. Qf5 {[%clk 0:39:33]} Bxg2+
{[%clk 0:42:56]} 28. Kxg2 {[%clk 0:39:50]} Rg8+ {[%clk 0:43:01]} 29. Kf1
{[%clk 0:39:37]} Rg6 {[%clk 0:42:37]} 30. Qf3 {[%clk 0:34:56]} Rg7
{[%clk 0:35:55]} 31. Ne4 {[%clk 0:33:16]} Qc6 {[%clk 0:28:44]} 32. Qxf6
{[%clk 0:27:00]} Qxf6+ {[%clk 0:26:49]} 33. Nxf6 {[%clk 0:27:28]} Nc5
{[%clk 0:26:44]} 34. Bf5 {[%clk 0:23:13]} Rc6 {[%clk 0:25:54]} 35. Nd5
{[%clk 0:22:31]} Rg5 {[%clk 0:23:36]} 36. Ne3 {[%clk 0:10:30]} Rd6
{[%clk 0:22:00]} 37. Ke2 {[%clk 0:10:20]} Ne6 {[%clk 0:17:09]} 38. Bxe6
{[%clk 0:08:56]} Rxe6 {[%clk 0:17:29]} 39. Rf1 {[%clk 0:37:51]} Kg7
{[%clk 0:47:15]} 40. h4 {[%clk 0:37:23]} Rh5 {[%clk 0:45:39]} 41. Bh2
{[%clk 0:36:35]} f6 {[%clk 0:41:36]} 42. b3 {[%clk 0:32:02]} Kf7 {[%clk 0:40:25]}
43. Bg3 {[%clk 0:29:24]} Rh6 {[%clk 0:39:49]} 44. Nf5 {[%clk 0:29:18]} Rg6
{[%clk 0:39:42]} 45. Rd1 {[%clk 0:28:51]} Rc6 {[%clk 0:39:28]} 46. Kd3
{[%clk 0:22:19]} Ke6 {[%clk 0:39:41]} 47. Rf1 {[%clk 0:22:37]} Rc5
{[%clk 0:37:52]} 48. Kd2 {[%clk 0:15:33]} Rd5+ {[%clk 0:36:38]} 49. Ke3
{[%clk 0:15:35]} e4 {[%clk 0:35:05]} 50. Nd4+ {[%clk 0:14:03]} Rxd4
{[%clk 0:35:21]} 51. Kxd4 {[%clk 0:14:25]} Rxg3 {[%clk 0:35:47]} 52. Kxe4
{[%clk 0:14:38]} Rg4+ {[%clk 0:36:09]} 1/2-1/2

[Event "MPJ_D16"]
[Site "?"]
[Date "2016.03.18"]
[Round "7.7"]
[White "Gredka, Dominika"]
[Black "Karykowska, Anna"]
[Result "0-1"]
[BlackElo "1832"]
[WhiteElo "1690"]
[LiveChessVersion "1.4.8"]

1. e4 {[%clk 1:30:58]} c5 {[%clk 1:30:54]} 2. c3 {[%clk 1:30:51]} d5
{[%clk 1:30:48]} 3. exd5 {[%clk 1:31:51]} Qxd5 {[%clk 1:31:50]} 4. d4
{[%clk 1:32:12]} Nf6 {[%clk 1:32:12]} 5. Nf3 {[%clk 1:31:56]} e6 {[%clk 1:32:35]}
6. Be2 {[%clk 1:29:42]} Be7 {[%clk 1:32:13]} 7. O-O {[%clk 1:29:52]} O-O
{[%clk 1:32:09]} 8. Nbd2 {[%clk 1:22:29]} Nc6 {[%clk 1:26:46]} 9. Nc4
{[%clk 1:12:20]} cxd4 {[%clk 1:21:55]} 10. Nxd4 {[%clk 1:03:57]} Rd8
{[%clk 1:11:06]} 11. Be3 {[%clk 1:00:56]} Bd7 {[%clk 1:06:02]} 12. Nxc6
{[%clk 0:51:54]} Bxc6 {[%clk 1:04:48]} 13. Qxd5 {[%clk 0:48:22]} Nxd5
{[%clk 1:00:39]} 14. Bc1 {[%clk 0:45:52]} Bf6 {[%clk 0:54:11]} 15. Na5
{[%clk 0:42:16]} Rac8 {[%clk 0:52:42]} 16. Nxc6 {[%clk 0:37:47]} Rxc6
{[%clk 0:52:34]} 17. Rb1 {[%clk 0:32:19]} Rcd6 {[%clk 0:47:11]} 18. a3
{[%clk 0:20:42]} b6 {[%clk 0:37:53]} 19. c4 {[%clk 0:18:10]} Ne7 {[%clk 0:36:19]}
20. g4 {[%clk 0:11:41]} Bd4 {[%clk 0:29:56]} 21. b4 {[%clk 0:10:12]} e5
{[%clk 0:29:08]} 22. Bb2 {[%clk 0:09:39]} Ng6 {[%clk 0:22:41]} 23. Rfd1
{[%clk 0:04:26]} Nf4 {[%clk 0:16:41]} 24. Bf1 {[%clk 0:04:11]} Bxf2+
{[%clk 0:14:20]} 25. Kxf2 {[%clk 0:03:19]} Rxd1 {[%clk 0:14:45]} 26. Rxd1
{[%clk 0:03:32]} Rxd1 {[%clk 0:15:12]} 27. Bxe5 {[%clk 0:03:51]} Nd3+
{[%clk 0:11:34]} 28. Bxd3 {[%clk 0:02:26]} Rxd3 {[%clk 0:12:02]} 29. c5
{[%clk 0:02:46]} f6 {[%clk 0:08:57]} 30. Bd6 {[%clk 0:01:28]} bxc5
{[%clk 0:07:48]} 31. bxc5 {[%clk 0:01:36]} Rxa3 {[%clk 0:06:07]} 32. c6
{[%clk 0:01:56]} Rc3 {[%clk 0:06:29]} 33. c7 {[%clk 0:02:24]} Kf7
{[%clk 0:06:41]} 34. Ke2 {[%clk 0:02:43]} Ke6 {[%clk 0:06:56]} 35. Bg3
{[%clk 0:02:48]} Kd7 {[%clk 0:07:18]} 0-1